000 00432nam a22001697a 4500
003 OSt
008 200714b ||||| |||| 00| 0 eng d
082 _a579 BHP
100 _aBhatt , D.C
245 _aPharmaceutical Microbiology Concept & Technologhy
250 _a2020
260 _aNew Delhi
_bBirla Publication
300 _aPg-150
650 _aPharmaceutical Microbiology/ Biotech
700 _aAli,Asger
942 _2ddc
_cBK
999 _c8928
_d8928